| 000 | 00687cam a22001813 4500 | ||
|---|---|---|---|
| 082 | 0 |
_a940.4 _bLOR |
|
| 100 | 1 |
_aRiddell, George Allardice Riddell, _949718 |
|
| 245 | 0 | 0 | _aLord Riddell's war diary, 1914-1918. |
| 260 |
_aLondon, _bI. Nicholson & Watson, limited _c[1933] |
||
| 300 |
_axi, 387 p. _bfront., plates, ports., facsim. _c23 cm. |
||
| 500 | _a"First edition May 1933; reprinted June 1933." | ||
| 526 |
_a0 _b0 _c0 _d940_400000000000000_LOR |
||
| 650 | 0 |
_aMCE _9379 |
|
| 650 | 0 |
_aWorld War, 1914-1918 _xCensorship _zGreat Britain. _949368 |
|
| 650 | 0 |
_aWorld War, 1914-1918 _xPress correspondents. _949719 |
|
| 650 | 0 |
_aWorld War, 1914-1918 _zGreat Britain. _949303 |
|
| 942 |
_2ddc _cBK |
||
| 999 |
_c552498 _d552498 |
||